00486nam a2200157 a 4500008004100000020001500041050001600056100001900072245007900091260003000170300002300200350000900223500002900232650003400261650003300295071123s2005 ||||||||||||||||| || u a0750663561 aHG 4012 Swa aSwan, Jonathan10aPractical financial modelling : a guide to current practicecJonathan Swan aArmstedambElsevierc2005 axviii, 173p.: ill. a0.00 aAccompanied by a CD Rom. 0aFINANCE--DEVELOPING COUNTRIES aFINANCE--MATHEMATICAL MODELS